Fr. Conceicao Rodrigues College of Engineering

e Business:Organization and technical foundations (Record no. 25166)

MARC details
000 -LEADER
fixed length control field 00389nam a2200169Ia 4500
082 ## - DEWEY DECIMAL CLASSIFICATION NUMBER
Classification number 658.84
Item number PAP
100 ## - MAIN ENTRY--PERSONAL NAME
Personal name Papazoglou/M.P/ Ribbers
245 ## - TITLE STATEMENT
Title e Business:Organization and technical foundations
260 ## - PUBLICATION, DISTRIBUTION, ETC.
Name of publisher, distributor, etc. Wiley India
Date of publication, distribution, etc. 2006
366 ## - TRADE AVAILABILITY INFORMATION
Publishers's discount category 25
300 ## - PHYSICAL DESCRIPTION
Extent 722
546 ## - LANGUAGE NOTE
Language note ENGLISH
-- Info.Tech
650 ## - SUBJECT ADDED ENTRY--TOPICAL TERM
Topical term or geographic name entry element E business
654 ## - SUBJECT ADDED ENTRY--FACETED TOPICAL TERMS
Focus term e business
942 ## - ADDED ENTRY ELEMENTS (KOHA)
Koha item type BOOK
Holdings
Withdrawn status Lost status Damaged status Not for loan Collection Home library Current library Date acquired Source of acquisition Cost, normal purchase price Inventory number Total Checkouts Full call number Barcode Date last seen Cost, replacement price Price effective from Koha item type
        CRC Fr. Agnel's C.Rodrigues College of Engineering Fr. Agnel's C.Rodrigues College of Engineering 17/03/2023 Allied Publishers 299.25 2372 dt 23/09/2010   658.84 PAP 21068 17/03/2023 399.00   BOOK
        CRC Fr. Agnel's C.Rodrigues College of Engineering Fr. Agnel's C.Rodrigues College of Engineering 17/03/2023 Allied Publishers 299.25 2372 dt 23/09/2010   658.84 PAP 21069 17/03/2023 399.00   BOOK
        CRC Fr. Agnel's C.Rodrigues College of Engineering Fr. Agnel's C.Rodrigues College of Engineering 17/03/2023 Allied Publishers 299.25 2372 dt 23/09/2010   658.84 PAP 21070 17/03/2023 399.00   BOOK
        CRC Fr. Agnel's C.Rodrigues College of Engineering Fr. Agnel's C.Rodrigues College of Engineering 17/03/2023 Allied Publishers 299.25 2372 dt 23/09/2010   658.84 PAP 21071 17/03/2023 399.00   BOOK
        CRC Fr. Agnel's C.Rodrigues College of Engineering Fr. Agnel's C.Rodrigues College of Engineering 17/03/2023 Allied Publishers 299.25 2372 dt 23/09/2010   658.84 PAP 21072 17/03/2023 399.00   Reference Book